| 000 | 00513nam a2200193 a 4500 | ||
|---|---|---|---|
| 005 | 20210223124936.0 | ||
| 008 | 030514s2004 mx r 000 0 spa d | ||
| 020 | _a9685142386 | ||
| 035 | _aUPN01000124178 | ||
| 049 | _aI | ||
| 050 | 4 |
_aQE881 _bM3.5 |
|
| 245 | 0 | 0 | _aMamíferos extintos. |
| 260 |
_aMéxico : _bCorreo del Maestro : _bLa Vasija, _cc2004. |
||
| 300 |
_a48 p. : _bil. col. |
||
| 440 | 0 | _aEspecies extintas | |
| 650 | 4 | _aFOSILES MAMIFEROS | |
| 650 | 4 |
_aANIMALES EXTINTOS _91057 |
|
| 905 | _aInfantil | ||
| 999 |
_c96357 _d96357 |
||